[Event "NRW-ch U12"]
[Site "Kranenburg"]
[Date "2009.04.16"]
[Round "5"]
[White "Sabirov, Ramil"]
[Black "De Cauter, Noah Janosch"]
[Result "1-0"]
[WhiteElo "1477"]
[BlackElo "1123"]
[PlyCount "105"]
[EventDate "2009.04.13"]
[EventType "swiss"]
[EventRounds "7"]
[EventCountry "GER"]
[SourceTitle "EXT 2010"]
[Source "ChessBase"]
[SourceDate "2010.11.25"]
[SourceVersion "1"]
[SourceVersionDate "2010.11.25"]
[SourceQuality "1"]

1. e4 e6 2. d3 c5 3. Nf3 Nc6 4. g3 g6 5. Bg2 Bg7 6. 0-0 d6 7. c3 Rb8 8. a4 b5 9. axb5 Rxb5 10. Na3 Ra5 11. Be3 Nge7 12. Qd2 f5 13. Nh4 d5 14. Nc2 Rb5 15. Na3 Ra5 16. Rfd1 h6 17. exd5 Nxd5 18. Nxg6 Rh7 19. Nf4 Nce7 20. Nc4 Rxa1 21. Rxa1 Qd7 22. Bxc5 a6 23. Nd6+ Kf8 24. d4 Bf6 25. Re1 Bg5 26. h4 Bxf4 27. gxf4 Kg8 28. c4 Nf6 29. Qe2 Ng6 30. Nxc8 Nxf4 31. Qe5 Nxg2 32. Qxf6 Rg7 33. Ne7+ Kh7 34. Re5 Ne3+ 35. Kh1 Ng4 36. Qxe6 Nxf2+ 37. Kh2 Ng4+ 38. Kh3 Nxe5 39. Qxe5 f4+ 40. Qf5+ Qxf5+ 41. Nxf5 Rf7 42. Kg4 f3 43. d5 Kg6 44. h5+ Kh7 45. Bf2 a5 46. d6 Rb7 47. Kxf3 Rxb2 48. d7 Rb8 49. Bb6 a4 50. d8Q Rxd8 51. Bxd8 a3 52. Bf6 a2 53. Ba1 1-0